| 000 | 00374nam a22001817a 4500 | ||
|---|---|---|---|
| 003 | UA-OsUOA | ||
| 001 | 41694 | ||
| 007 | ta | ||
| 008 | 20080926b un ||||| |||| 00| 0 ukr d | ||
| 942 | _cBR | ||
| 040 |
_aUA-OsUOA _beng _cUA-OsUOA _dUA-OsUOA |
||
| 245 | _aCommemorative Stam Bulletin. | ||
| 955 | _a4 | ||
| 041 | _aeng | ||
| 260 | _c1988 | ||
| 650 | 7 | _2UDC | |
| 999 |
_c440197 _d440197 |
||